Peculiarities in Business English Writing

Rozbor osobitostí písania v angličtine v obchodnom kontexte a prezentovanie výsledkov. Autor sa snaží upriamiť pozornosť najmä na úlohu a dôležitosť rozvíjania písomných zručností v obchodnom a akademickom prostredí. Elektronické portfóliá študentov odhaľujú problémy a ťažkosti v písaní v obchodnej...

ver descrição completa

Na minha lista:
Detalhes bibliográficos
Autor principal: Rusiňáková, Jarmila, 1959-
Formato: Capítulo de Livro
Idioma:inglês
Assuntos:
Tags: Adicionar Tag
Sem tags, seja o primeiro a adicionar uma tag!

MARC

LEADER 00000naa a2200000 4500
001 0313826
005 20260109102552.2
041 0 |a eng 
044 |a SK 
245 1 0 |a Peculiarities in Business English Writing  |c Jarmila Rusiňáková 
520 |a Rozbor osobitostí písania v angličtine v obchodnom kontexte a prezentovanie výsledkov. Autor sa snaží upriamiť pozornosť najmä na úlohu a dôležitosť rozvíjania písomných zručností v obchodnom a akademickom prostredí. Elektronické portfóliá študentov odhaľujú problémy a ťažkosti v písaní v obchodnej angličtine pre slovenských študentov angličtiny na úrovni C1, čo pomáha rozobrať špecifiká písania v obchodnej angličtine a dáva možnosť prísť s určitými návrhmi a odporúčaniami pre študentov a učiteľov. 
610 2 0 |a výučba vedecká 
610 2 0 |a vyučovanie 
610 2 0 |a filológia 
610 2 0 |a jazykoveda 
610 2 0 |a jazyky cudzie 
610 2 0 |a angličtina 
610 2 0 |a ekonómia 
610 2 0 |a písomníctvo 
610 2 0 |a zručnosti 
100 1 |a Rusiňáková, Jarmila, 1959-